| Tag |
First Indicator |
Second Indicator |
Subfields |
| LEADER |
00000cam a2200000 a 4500 |
| 001 |
in00001370310 |
| 005 |
20151006073833.0 |
| 007 |
hd afu---baca |
| 008 |
861205s1865 mauc a 000 0 eng d |
| 035 |
|
|
|a (OCoLC)14926165
|
| 035 |
|
|
|9 AHH8120AM
|
| 040 |
|
|
|a POG
|c POG
|d UtOrBLW
|
| 049 |
|
|
|a TXAI
|
| 090 |
|
|
|a PS586
|b .A450 pt. 3, no. 3058
|
| 099 |
|
|
|a film
|a B
|a 3870
|a Segment III, no. 3058)
|
| 100 |
1 |
|
|a Taylor, Bayard,
|d 1825-1878.
|
| 245 |
1 |
4 |
|a The poems of Bayard Taylor.
|
| 264 |
|
1 |
|a Boston :
|b Ticknor and Fields,
|c 1865.
|
| 300 |
|
|
|a 419 pages :
|b (portrait) ;
|c 15 cm.
|
| 336 |
|
|
|a text
|b txt
|2 rdacontent
|
| 337 |
|
|
|a microform
|b h
|2 rdamedia
|
| 338 |
|
|
|a microfilm reel
|b hd
|2 rdacarrier
|
| 533 |
|
|
|a Microfilm.
|b Woodbridge, Conn. :
|c Research Publications,
|d 1977.
|e 1 microfilm reel ; 35 mm.
|f (American Poetry, 1609-1900 ; Segment III, no. 3058)
|
| 539 |
|
|
|a s
|b 1977
|d ctu
|e n
|
| 500 |
|
|
|a Microform.
|
| 999 |
|
|
|a MARS
|
| 999 |
f |
f |
|s 8f72f6cb-29fa-32a4-bae7-da5edb531ab7
|i d78c5eda-9138-325a-8d1e-9cb5f4a6e3bd
|t 0
|
| 952 |
f |
f |
|p default
|a Texas A&M University
|b College Station
|c Sterling C. Evans Library
|d Evans: Microforms (3rd floor)
|t 0
|e film B 3870 Segment III, no. 3058
|h Other scheme
|i microform -- microfilm reel
|
| 998 |
f |
f |
|a film B 3870 Segment III, no. 3058
|t 0
|l Evans: Microforms (3rd floor)
|